Normal view
MARC view
- Performance
Entry Topical Term
001 - CONTROL NUMBER
- control field: 13686
003 - CONTROL NUMBER IDENTIFIER
- control field: NUST
005 - DATE AND TIME OF LATEST TRANSACTION
- control field: 20190221054654.0
008 - FIXED-LENGTH DATA ELEMENTS
- fixed length control field: 190221|| aca||aabn | a|a d
040 ## - CATALOGING SOURCE
- Original cataloging agency: NUST
- Transcribing agency: NUST
150 ## - HEADING--TOPICAL TERM
- Topical term or geographic name entry element: Performance
- General subdivision: Management.
670 ## - SOURCE DATA FOUND
- Source citation: Work cat.: (NUST)0: Chandler, M. Tamra, author. 13685, How performance management is killing performance and what to do about it :
